000 00557nam a2200181 i 4500
001 127618
003 ES-MaACL
005 20250728232818.0
007 t|
008 070214s1944 sp a |||| | spa d
100 1 _aRius Miró, Antonio.
_997518
245 1 0 _aIntroducción a la ingeniería química /
_cpor el Dr. D. Antonio Rius y Miró.
260 _aMadrid :
_bAlfa,
_c1944.
300 _aXVI, 510 p. :
_bil. ;
_c25 cm +
_e1 gráf. pleg.
650 7 _aIngeniería química
_2embne
_9164549
852 _aES-MaACL
_jF-16121
999 _c127618
_d127618